Solved and unsolved papers in mechanical engineering.
| Language: | English |
|---|---|
| Published: |
India:
G.K. Pub. Pvt. Ltd,
1998.
|
| Subjects: |
| LEADER | 00605cam a2200181 7i4500 | ||
|---|---|---|---|
| 001 | 0000027205 | ||
| 005 | 20170218090000.0 | ||
| 008 | 090520 eng | ||
| 020 | |a 8186555501 (pbk.) | ||
| 020 | |a 9788186555507 | ||
| 090 | 0 | 0 | |a TJ159 |b .S65 1998 |
| 245 | 0 | 0 | |a Solved and unsolved papers in mechanical engineering. |
| 260 | |a India: |b G.K. Pub. Pvt. Ltd, |c 1998. | ||
| 300 | |a 40 p.: |b ill.; |c 24 cm. | ||
| 650 | 0 | 0 | |a Mechanical engineering |
| 650 | 0 | 0 | |a Mechanical engineering |
| 997 | |a Engineering, Faculty |b Engineering, Department | ||
| 999 | |a 0000027636 |b BOK |c OPEN SHELF |e 2nd Floor, Bestari Jaya | ||


